Product information : Dehydrated culture media and supplements

Spremljeno u:
Bibliografski detalji
Format: Knjiga
Jezik:Undetermined
Izdano: India HiMedia Laboratories Pvt. Limited 1990
Teme:
Oznake: Dodaj oznaku
Bez oznaka, Budi prvi tko označuje ovaj zapis!
Thư viện lưu trữ: Trung tâm Học liệu Trường Đại học Cần Thơ
LEADER 00524nam a2200193Ia 4500
001 CTU_160545
008 210402s9999 xx 000 0 und d
082 |a 542.1 
082 |b P963 
245 0 |a Product information : 
245 0 |b Dehydrated culture media and supplements 
245 0 |c Hi-Media 
260 |a India 
260 |b HiMedia Laboratories Pvt. Limited 
260 |c 1990 
650 |a Chemistry 
650 |x Laboratory manuals 
904 |i Giang 
980 |a Trung tâm Học liệu Trường Đại học Cần Thơ